| 000 | 00727nam a22001817a 4500 | ||
|---|---|---|---|
| 003 | UA-OsUOA | ||
| 001 | 17075 | ||
| 007 | ta | ||
| 008 | 20040209b un ||||| |||| 00| 0 ukr d | ||
| 100 | _aДурда І. | ||
| 942 | _cSA | ||
| 040 |
_aUA-OsUOA _cUA-OsUOA _dUA-OsUOA |
||
| 245 | _aПробуджуючи національну свідомість: ["Просвіті" - 135 р. Про Т-во "Просвіта" в Україні та процеси відродження просвітництва в Радивилів. р-ні] | ||
| 300 | _aС.4 | ||
| 955 | _a0 | ||
| 773 | 0 |
_w0 _tПрапор перемоги _dРадивилів _d2004 _g№5/16 січ./ |
|
| 650 | 7 |
_aКраєзнавча робота _2UDC |
|
| 999 |
_c303243 _d303243 |
||